000 00290pab a2200121 454500
008 180718b xxu||||| |||| 00| 0 eng d
100 _aRao, S.L.
245 _aA year of economic reforms
650 _aEconomic Development
700 _aBhide, S
773 _aFinancial Express
909 _a21705
999 _c21705
_d21705